Great Lakes Quiz - Statistics

General Stats
  • This quiz has been taken 27 times
  • The average score is 5 of 5
Answer Stats
Answer % Correct
Erie
100%
Michigan
96%
Huron
91%
Ontario
91%
Superior
91%
No matching quizzes found
Score Distribution
Percent of People with Each Score
Percentile by Number Answered
Your Score History
You have not taken this quiz